• 首页
  • 本馆介绍
  • 公告通知
  • 最新文献
  • 馆藏检索
  • 电子资源
  • 读者导购
  • 参考咨询
  • 我的图书馆
  • 登录
  • 详细信息显示
  • 放入我的书架
  • 预约/预借图书
  • 作者相关作品
  • 分类相关作品
  • 丛书相关作品
  • 出版社相关作品

书目信息

  • 表格格式
  • 工作单格式
  • 卡片格式
题名:
基因组学.蛋白质组学与疫苗
    
 
作者: 意圭多·格兰迪 主编 ;梁龙 , 王嘉玺 , 马贤凯 译
分册:  
出版信息: 北京   化学工业出版社  2006
页数:
开本: 26cm
丛书名:
单 册:
中图分类: R979.9
科图分类:
主题词: 药物--汇编 , 药物
电子资源:
ISBN: 7-5025-8488-9
000 00826nam0 2200229 450
001 0754114953
005 20070929150154.95
010    @a7-5025-8488-9
100    @a20070929d km y0chiy0120 ea
101 0  @achi
200 1  @a基因组学.蛋白质组学与疫苗@Aji yin zu xue.dan bai zhi zu xue yu yi miao@f[意]圭多.格兰迪(Guido Grandi) 主编@F[yi]gui duo.ge lan di(Guido Grandi)zhu bian@g马贤凯,王嘉玺,梁龙 等译@Gma xian kai,wang jia xi,liang long deng yi
210    @a北京@c化学工业出版社@d2006
215    @c彩图@d26cm
606 0  @a药物@x汇编
606 0  @a药物
690    @aR979.9@v3
701  0 @a意圭多·格兰迪@Ayi gui duo·ge lan di@bGuidoGrandi@4主编
702  0 @a梁龙@Aliang long@4译
702  0 @a王嘉玺@Awang jia xi@4译
702  0 @a马贤凯@Ama xian kai@4译
801  0 @aCN@bPFT@c20070929
905    @a213230@dR979.9@eh48@f1
    
    基因组学.蛋白质组学与疫苗/[意]圭多.格兰迪(Guido Grandi) 主编/马贤凯,王嘉玺,梁龙 等译.-北京:化学工业出版社,2006
    彩图;26cm
    
    
    ISBN 7-5025-8488-9:
    
●
相关链接 在E读中查询图书 在五车中查询图书 在当当中查询图书 在豆瓣中查询图书


正题名:基因组学·蛋白质组学与疫苗     索取号:R979.9/h48         预约/预借

序号 登录号 条形码 馆藏地/架位号 状态 备注
1 6002405   260024057   密集书库-化学系/ [索取号:R979.9/h48] 在馆    
2 6002406   260024066   密集书库-化学系/ [索取号:R979.9/h48] 在馆    
唐山师范学院图书馆 欢迎您!
大连网信软件有限公司© 版权所有